| 000 | 00921nam a22003017a 4500 | ||
|---|---|---|---|
| 001 | 4781 | ||
| 003 | FISKH | ||
| 005 | 20241010144936.0 | ||
| 008 | 241010b cb ||||| |||| 00| 0 eng d | ||
| 020 | _a0590459848 | ||
| 040 |
_aFISKH _beng _cFISKH _dFISKH |
||
| 050 | _aPZ7.J7435 | ||
| 082 | _a468 | ||
| 100 |
_aM.Joosse, Barbara _d(1949-) |
||
| 245 |
_aMama, Do you love me? / _cby Barbara M.Joosse illustrated by Barbara Lavallee |
||
| 250 | _aFirst printing in 1992 | ||
| 260 |
_aSan Francisco : _bScholastic, _c1991. |
||
| 300 |
_a24 pages : _bColor illustrations ; _c25 cm |
||
| 505 | _aJ | ||
| 520 | _aA child living in the Arctic learns that a mother's love is unconditional. | ||
| 521 | 8 |
_a480L
_bLexile |
|
| 521 | 8 |
_aJ
_bRaz-Plus |
|
| 650 |
_2Multicultural _aPicture book |
||
| 650 |
_2Mothers _aMother's Day |
||
| 700 |
_aLavalle, Barbara _dIllustrator |
||
| 942 |
_2ddc _cBK _n0 |
||
| 999 |
_c4781 _d4781 |
||